The economics of transport /

Bibliographic Details
Main Author: Bonavia, Michael Robert
Format: Book
Language:English
Published: London : Nisbet, [1954]
Edition:[Rev.].
Series:Cambridge economic handbooks, 9
Subjects:

MARC

Tag First Indicator Second Indicator Subfields
LEADER 00000cam a2200000 4500
001 in00000078399
005 20151008052809.0
008 800111s1954 enka 00000 eng
010 |a  55036678  
035 |a (OCoLC)05865442 
035 |9 AAH4921AM 
040 |a DLC  |c AKR  |d TXA  |d UtOrBLW 
049 |a TXAM  |c [458599] 
050 0 0 |a HE151  |b .B63 1954 
082 0 |a 385 
092 |a 385  |b B699e, 1954 
100 1 |a Bonavia, Michael Robert. 
245 1 4 |a The economics of transport /  |c With an introd. by C. W. Guillebaud. 
250 |a [Rev.]. 
264 1 |a London :  |b Nisbet,  |c [1954] 
300 |a 219 pages :  |b illustrations ;  |c 19 cm. 
336 |a text  |b txt  |2 rdacontent 
337 |a unmediated  |b n  |2 rdamedia 
338 |a volume  |b nc  |2 rdacarrier 
490 0 |a Cambridge economic handbooks, 9 
650 0 |a Transportation. 
650 0 |a Transportation  |z Great Britain. 
999 |a MARS 
999 f f |s c4087813-5f7e-3589-92a2-32e94b98c33d  |i 147b91aa-3028-334e-bed8-47ddb5c0f686  |t 0 
952 f f |p ric  |a Texas A&M University  |b Rellis Campus  |c Joint Library Facility  |d Remote Storage  |t 0  |e HE151 .B63 1954  |h Library of Congress classification  |i unmediated -- volume  |m A14800877527 
998 f f |a HE151 .B63 1954  |t 0  |l Remote Storage